Professional Development of Information Technology and Technical Education Teachers

Bibliographic Details
Main Author: Noga, Henryk, 1967- (Author)
Format: Article
Language:English
ISSN:1338-3965
Subjects:

MARC

LEADER 00000nab a2200000 ar4500
001 vtls011578600
003 SK-MaSNL
005 20260304180308.0
008 160908c2016 xo |r|p|||an |000 b|eng
015 |a SNBRB2016/09 
038 |a SPK 
040 |a SPKCL  |b slo  |c AACR2  |e AACR2 
041 0 |a eng  |b eng 
044 |a xo  |c SK 
072 7 |a 377  |x Odborné vzdelávanie  |2 konspekt 
080 |a 377.8  |2 2011 
100 1 |a Noga, Henryk,  |d 1967-  |4 aut  |9 209851 
245 1 0 |a Professional Development of Information Technology and Technical Education Teachers  |c Henryk Noga 
504 |a Bibliogr. odkazy 
546 |a Res. angl. 
650 0 7 |a vzdelávanie učiteľov  |2 snkbucl  |9 4031 
650 0 7 |a informačné technológie  |2 snkbucl  |9 1527 
773 0 |t Acta technologica Dubnicae  |g Roč. 6, č. 2 (2016), s. 96-104  |x 1338-3965 
852 |a SPK  |b KIS3GCP 
958 |a NB  |2 spk 
999 |c 3017375  |d 3019305